00323nam a2200109Ia 4500008004100000082000800041100001800049245003000067942000600097952009500103999001500198240331s9999 xx 000 0 und d bHUM aJames L, . ed 0aOf human bondage :bnotes cL 001040708LaWERCLbWERCLcSSCd2024-03-31l0o 820 HUMp4032r2024-03-31w2024-03-31yL c3196d3196